[Event "FRA-chT Top 12"]
[Site "Brest"]
[Date "2019.05.20"]
[Round "3.4"]
[White "Istratescu, Andrei"]
[Black "Colin, Vincent"]
[Result "1-0"]
[WhiteElo "2555"]
[BlackElo "2383"]
[Annotator "Mueller,Karsten"]
[PlyCount "85"]
[EventDate "2019.05.18"]
[EventType "team-tourn"]
[EventRounds "11"]
[EventCountry "FRA"]
[SourceTitle "CBM 191"]
[Source "ChessBase"]
[SourceDate "2019.08.31"]
[SourceVersion "1"]
[SourceVersionDate "2019.08.31"]
[SourceQuality "1"]
[WhiteTeam "Mulhouse"]
[BlackTeam "Tours Hauts-de-France St Quentin"]
[WhiteTeamCountry "FRA"]
[BlackTeamCountry "FRA"]
[TimeControl "40/5400+30:1800+30"]

1. d4 {[%emt 0:00:00]} Nf6 {[%emt 0:00:00]} 2. c4 {[%emt 0:00:00]} e6 {[%emt 0:
00:00]} 3. Nf3 {[%emt 0:01:21]} d5 {[%emt 0:00:15]} 4. Nc3 {[%emt 0:00:39]} Be7
{[%emt 0:02:02]} 5. Bg5 {[%emt 0:06:08]} O-O {[%emt 0:03:12]} 6. e3 {[%emt 0:
03:36]} h6 {[%emt 0:00:44]} 7. Bh4 {[%emt 0:02:07]} b6 {[%emt 0:00:09]} 8. Bd3
{[%emt 0:03:42]} Bb7 {[%emt 0:06:47]} 9. O-O {[%emt 0:01:59]} Ne4 {[%emt 0:03:
45]} 10. Bg3 Nxc3 {[%emt 0:10:17]} 11. bxc3 {[%emt 0:07:29]} dxc4 {[%emt 0:00:
12]} 12. Bxc4 {[%emt 0:00:04]} Nd7 {[%emt 0:06:23]} 13. Bd3 {[%emt 0:03:33]}
Bd6 {[%emt 0:08:22]} 14. e4 {[%emt 0:07:20]} Bxg3 {[%emt 0:01:50]} 15. hxg3 {
[%emt 0:02:19]} c5 {[%emt 0:00:42]} 16. Qe2 {[%emt 0:08:23]} (16. Re1 Qc7 17.
a4 Rfd8 18. a5 e5 19. a6 Bc8 20. Bc4 Rb8 21. Qb3 Rf8 22. Bb5 cxd4 23. cxd4 exd4
24. Nxd4 Nc5 25. Qb2 Be6 26. Nf5 f6 27. Nd4 Bd7 28. Bc4+ Kh8 29. Nb5 Bxb5 30.
Bxb5 Rbd8 31. e5 fxe5 32. Qxe5 Qf7 33. Qe3 Rd6 34. Rad1 Re6 35. Qd4 Rf6 36. Re2
Qh5 37. Re5 Qf7 38. Re2 Qh5 39. Bc4 Qg6 40. Qe3 Qg4 41. Rd4 Qc8 42. Qe7 Qb8 43.
Rg4 g6 44. Rh4 g5 45. Rd4 Rg6 {Sakaev,K (2633)-Shomoev,A (2551) Dresden 2007
1-0 (84)}) 16... Qe7 {[%emt 0:06:01]} 17. a4 {[%emt 0:02:31]} cxd4 {[%emt 0:03:
21]} 18. cxd4 $14 {[%emt 0:00:16][%csl Gd4,Ge4]} Rac8 {[%emt 0:11:31]} 19. a5 {
[%emt 0:01:07]} Rc7 {[%emt 0:00:30]} 20. axb6 {[%emt 0:01:44]} axb6 {[%emt 0:
00:14]} 21. Rfe1 {[%emt 0:02:07]} (21. Ra7) 21... Rfc8 {[%emt 0:01:35]} 22. Qb2
{[%emt 0:06:27]} Rc3 {[%emt 0:03:31]} 23. Ra7 {[%emt 0:02:15]} Rxd3 {[%emt 0:
02:28]} 24. Rxb7 {[%emt 0:00:09]} Rdc3 {[%emt 0:03:11]} 25. Qxb6 {[%emt 0:02:
59]} Nxb6 {[%emt 0:04:31]} 26. Rxe7 {[%emt 0:00:09]} R3c7 {[%emt 0:00:13]} 27.
Rxc7 {[%emt 0:00:18]} Rxc7 {[%emt 0:00:07]} 28. g4 $16 {[%emt 0:00:49][%cal
Ge1d1,Gd4d5]} f6 {[%emt 0:04:08]} 29. Rd1 {[%emt 0:04:56]} Kf7 {[%emt 0:01:18]}
30. Nd2 {[%emt 0:00:46]} Na4 {[%emt 0:02:38]} 31. Kf1 {[%emt 0:07:02]} Rc2 {
[%emt 0:05:36]} 32. Nf3 {[%emt 0:03:43]} Nc3 {[%emt 0:01:10]} 33. Re1 {[%emt 0:
00:25]} Kg6 {[%emt 0:04:27]} 34. g3 {[%emt 0:01:39]} h5 $6 {[%emt 0:01:02]} 35.
gxh5+ {[%emt 0:00:28]} Kxh5 {[%emt 0:00:03]} 36. e5 {[%emt 0:00:25]} f5 {
[%emt 0:01:07]} 37. d5 $1 {[%emt 0:00:30] This sets a trap. Das stellt eine
Falle.} Ne4 $2 {[%emt 0:01:13] Not like this. So geht es nicht.} ({After Nach} 
37... Nxd5 {the counterplay is enough for a draw, e.g. reicht das Gegenspiel
zum Remis, z.B.} 38. Nd4 {[%cal Gd4c2,Gd4e6]} Rd2 39. Nxe6 Kg4 40. Nxg7 f4 41.
gxf4 Kf3 42. Kg1 Rxf2 43. Rf1 Rxf1+ 44. Kxf1 Kxf4 $11) 38. dxe6 {[%emt 0:01:16]
} Kg4 $6 {[%emt 0:03:15]} (38... Rxf2+ 39. Kg1 Ra2 (39... Rxf3 $6 40. e7 $18)
40. e7 Ra8 41. Nd4 Kg6 42. g4 Nc3 43. Re3 Nd5 44. gxf5+ Kf7 45. Rb3 Nxe7 46.
Rb7 $18) 39. e7 {[%emt 0:01:32]} Rxf2+ {[%emt 0:00:58]} (39... Rc8 40. Nd4 $18)
40. Kg1 {[%emt 0:00:02]} Kxf3 {[%emt 0:00:39]} 41. Rf1 {[%emt 0:31:55]} Rxf1+ {
[%emt 0:07:20]} 42. Kxf1 {[%emt 0:00:00]} Nxg3+ {[%emt 0:00:28]} 43. Ke1 {
[%emt 0:00:00]} 1-0

[Event "RUS-Cup01 Chigorin Memorial"]
[Site "St Petersburg"]
[Date "1996.??.??"]
[Round "4"]
[White "Epishin, Vladimir"]
[Black "Lugovoi, Aleksei"]
[Result "1-0"]
[WhiteElo "2620"]
[BlackElo "2500"]
[Annotator "Notkin,M"]
[PlyCount "95"]
[EventDate "1996.11.??"]
[EventType "swiss"]
[EventRounds "9"]
[EventCountry "RUS"]
[SourceTitle "CBM 056 Extra"]
[Source "ChessBase"]
[SourceDate "1997.03.01"]
[SourceVersion "1"]
[SourceVersionDate "1997.03.01"]
[SourceQuality "1"]

1. d4 d5 2. c4 e6 3. Nf3 Nf6 4. Nc3 Be7 5. Bg5 h6 6. Bh4 O-O 7. e3 b6 8. Be2
Bb7 9. Bxf6 Bxf6 10. cxd5 exd5 11. b4 c5 12. bxc5 bxc5 13. Rb1 Bc6 14. O-O Nd7
15. Bb5 Qc7 16. Qd2 Rfd8 17. Rfc1 (17. h3 Rab8 18. Bxc6 Qxc6 19. dxc5 Bxc3 20.
Qxc3 Qxc5 21. Qxc5 Nxc5 $10 {Epishin,V-Vaganian,R/Reggio Emilia/1995/0,5/28/})
17... Rab8 18. a4 $5 (18. Bxc6 Rxb1 19. Nxb1 Qxc6 20. dxc5 Nxc5 21. Qc2 {
Kasparov,G-Karpov,A/Moscow/1984/0,5/21/}) 18... Qd6 19. h3 cxd4 (19... Rb6 $22
20. a5 Rbb8 {><b5/}) 20. exd4 {ץf6/} (20. Nxd4 Ba8 21. Bf1 Ne5 $132) 20... Ba8
(20... Rdc8 21. Bf1 (21. Qd3 g6) (21. Bxc6 Rxb1 22. Rxb1 Qxc6 $10) 21... Nf8
$10) 21. Bf1 $1 Rxb1 (21... a6 22. Qd3) 22. Rxb1 Bc6 (22... Rb8 23. Nb5 Qb6 24.
Rc1 $36) 23. Nb5 Bxb5 24. Bxb5 Nb6 $6 (24... Rc8 25. Rc1 Rc7 {/\Nf8-e6/}) 25.
Rc1 Rc8 26. Rxc8+ Nxc8 27. Qc3 Ne7 (27... Nb6 28. a5 Nd7 29. Qc6 $16) 28. Qc5
$1 Qb6 $2 (28... Qxc5 29. dxc5 d4 30. Kf1 (30. c6 d3 $1 (30... Nd5 31. Bc4 Nc7
32. Kf1 $16) 31. Kf1 (31. c7 d2 32. Nxd2 Be5 $10) 31... Bc3 $10) 30... Nd5 31.
c6 (31. Bc4 Nb4) 31... Kf8 32. Bc4 Nb6 33. c7 Ke7 34. a5 Nc8 35. Ke2 Kd6 (35...
Nd6 36. Bb5 $1) 36. Kd3 Kxc7 37. Nxd4 $14) 29. Kf1 g6 $2 (29... Qa5 30. h4 a6
31. Bd7 Qd8 32. Bg4 Qb8 (32... g6 33. a5 $16) (32... a5 33. h5 $16) 33. g3 $16)
30. Qxb6 $1 axb6 31. Ke2 Nf5 32. Kd3 Bd8 33. Bd7 $1 Ne7 (33... Nd6 34. Bc6 Ne4
35. Bxd5 Nxf2+ 36. Ke2 Nh1 37. Ne5) 34. Kc3 f6 35. Kb4 Kf7 36. Kb5 $18 g5 37.
Ne1 h5 (37... Ng6 38. g3 Ke7 39. Bf5 {/\Kc6/}) 38. Nd3 h4 39. f4 Ng6 40. f5 Nf4
41. Nxf4 gxf4 42. Kc6 Kf8 43. Be6 f3 44. Bxd5 (44. gxf3 $18) 44... fxg2 (44...
f2 45. Bc4 {/\d5-d6/}) 45. Bxg2 Ke8 46. d5 Ke7 47. d6+ Ke8 48. Bf3 1-0

[Event "Bundesliga 0607"]
[Site "Germany"]
[Date "2006.12.09"]
[Round "6.5"]
[White "Nyback, Tomi"]
[Black "Borriss, Martin"]
[Result "1/2-1/2"]
[WhiteElo "2575"]
[BlackElo "2455"]
[Annotator "Nyback/Meyer,CD"]
[PlyCount "103"]
[EventDate "2006.10.28"]
[EventType "team-tourn"]
[EventRounds "15"]
[EventCountry "GER"]
[SourceTitle "CBM 116"]
[Source "ChessBase"]
[SourceDate "2007.02.01"]
[SourceVersion "1"]
[SourceVersionDate "2007.02.01"]
[SourceQuality "1"]
[WhiteTeam "Werder Bremen"]
[BlackTeam "Berlin SF"]
[WhiteTeamCountry "GER"]
[BlackTeamCountry "GER"]

1. d4 d5 2. c4 e6 3. Nc3 Nf6 4. Bg5 Be7 5. Nf3 O-O 6. e3 h6 7. Bh4 b6 8. Qb3
Bb7 9. Bxf6 Bxf6 10. cxd5 exd5 11. Rd1 Re8 12. a3 c6 13. Bd3 Nd7 14. O-O Nf8 (
14... g6 15. Rfe1 (15. e4 c5 16. exd5 cxd4 17. Ne4 Nc5 18. Nxc5 Bxd5) (15. Bb1
Bg7 16. e4 Ba6 {(=, ECO, D4)} 17. Rfe1 Bc4 18. Qc2 dxe4 19. Rxe4 Rxe4 20. Qxe4
Bb3 21. Bc2 Nf6 {remis, Kramnik-Kasparov, Moscow 2001}) 15... Nf8 16. Bb1 (16.
e4 Ne6 17. e5 Bg7) 16... Ne6 17. Ba2 Qc7 18. Qa4 Rad8 19. b4 Qb8 20. Qc2 Qc7
21. Bb3 {(Kortschnoj-Kasparov, Kandidatenturnier, London 1983)} c5 $1 22. dxc5
bxc5 23. Nxd5 Bxd5 24. Bxd5 cxb4 $11 {CBM}) 15. e4 $5 ({Üblich in diesem
Abspiel des Tartakower-Systems sind} 15. Bb1 {oder 15.Rfe1.}) 15... Ne6 $6 ({I
} 15... g6 $142 16. e5 Bg7 17. Rfe1 Ne6 $13 {erscheint logischer. Der Läufer
steht viel besser auf g7 (statt auf e7), wo er seinen König beschützt und
Druck auf den Bauern e5 ausübt. In der Partie indes fehlt dem nachfolgenden
Befreiungszug ...c5 der Biß, so daß Weiß sein Zentrum leichter absichern kann.}
) ({II} 15... dxe4 $2 16. Nxe4 Ne6 (16... Bxd4 $4 17. Nxd4 Qxd4 18. Nd6 $18)
17. Bc4 $16) 16. e5 Be7 17. Bb1 Rc8 18. Ne2 $1 {Überdeckt das Zentrum, macht
der Dame Platz und beginnt mit dem geradlinigen Plan Qd3, Nd2 nebst f4. Weiß
spart hier den Zug Tfe1 ein und setzt - dank seiner Bauernmajorität amk
Königsflügel - auf den Vorstoß f2-f4-f5.} Qc7 19. Qd3 g6 20. Nd2 (20. Qe3 $5
Bf8 21. Nf4 {ist auch eine interessante Option: Nach dem Abtausch der Springer
würde es Schwarz schwerfallen, echtes Gegenspiel zu erhalten.}) 20... c5 21. f4
{Mit höchsten Anforderungen an die Verteidigung!} cxd4 ({Oder: I} 21... Ng7 22.
f5 $1 (22. Qh3 Ba6) 22... Nxf5 23. Rxf5 gxf5 24. Qxf5 $16 {überläßt Weiß auch
einen heftigen Angriff} (24. Ng3)) ({II} 21... Nxd4 22. Nxd4 cxd4 23. Nb3 $1 (
23. f5 $2 Bg5 $1 $13 (23... Qxe5 $2 24. fxg6)) (23. b4 $4 Qc3) 23... Qc4 (23...
Bc5 24. Qh3 Kh7 (24... Ba6 25. Bd3 Bxd3 (25... Bc4 26. Nxc5 bxc5 27. Qxh6) 26.
Rxd3 $16) 25. Nxd4 $16) 24. Qg3 Qe2 (24... d3 25. Rxd3) 25. Nxd4 Bc5 26. b4
Bxd4+ 27. Rxd4 Qb2 (27... Rc4 $4 28. Bxg6) 28. Rdd1 Rc3 29. Qg4 $16) 22. b4 $3
{Ein Schlüsselzug: Nimmt den schwarzen Figuren ein gutes Feld am Damenflügel
und unterbricht für einen Augenblick den Angriff auf der anderen Seite.} (22.
f5 {wirkt wegen} Nc5 23. Qg3 Bg5 {übereilt.}) 22... Ng7 (22... Bf8 {verschafft
Schwarz nach} 23. Nf3 (23. f5 {mißfällt wegen} Ng5) 23... Qc4 24. Qd2 Qb3 25.
f5 gxf5 26. Nfxd4 $1 $40 {auch keine Linderung.}) 23. Nf3 $1 (23. Nxd4 Qc3)
23... Qc4 $2 ({Ein kritischer Moment: Zu ausreichendem Gegenspiel hätte wohl
noch} 23... a5 $3 {gereicht:} 24. Nfxd4 axb4 25. f5 Qxe5 26. fxg6 f5 27. axb4
Bxb4 28. Kh1 $1 {, und Weiß hätte zwar gute Kompensation für den Bauern, aber
nicht mehr.}) 24. Qd2 Qb3 25. Nexd4 Qxa3 26. f5 $40 {+/-/+-  Weiß konnte sein
Vorhaben schnörkellos realisieren und verfügt über einen durchschlagenden
Angriff.} g5 $8 27. f6 $1 (27. Nc2 $2 Rxc2 28. Qxc2 Rc8 29. Qe2 Qxb4 30. f6
Bc5+ 31. Kh1 Ne6 $13) 27... Bxb4 28. Qe2 Ne6 ({I} 28... Ba6 29. Bd3 Bxd3 30.
Rxd3 Qa6 31. fxg7 $18) ({II} 28... Bc5 29. Kh1 Bxd4 30. Nxd4 $18) 29. Nxe6 Rxe6
(29... Ba6 30. Bd3 Bxd3 31. Rxd3 Qa6 32. Ned4 $18) 30. Nxg5 $1 $18 Bc5+ 31. Kh1
Qe3 32. Qc2 $6 ({Zwar kein schlimmer Fehler, aber es ging wesentlich einfacher.
I Zum sofortigen Ende hätte} 32. Bh7+ $1 Kh8 (32... Kf8 33. Nxe6+ $18) 33.
Nxf7+ Kxh7 34. Qh5 $1 {geführt. Diesen Zug hatte Weiß während der Partie
übersehen.} ({Weiß hatte nur} 34. Qg4 Rg8 35. Qxe6 Rxg2 {angedacht, was
angesichts des nahen Sieges eher chaotisch wirkt.}) 34... Rg8 35. Rf3 Rg6 36.
Rxe3 Bxe3 37. Nd8 $18) ({II} 32. Qxe3 $6 Bxe3 33. Nxe6 fxe6 34. Rf3 $16) 32...
Qxg5 33. Qh7+ Kf8 34. Rf5 Qg6 35. Qh8+ Qg8 36. Qxh6+ Ke8 37. Rg5 Qf8 38. Qh7
Kd7 $2 ({I} 38... a6 $2 39. Bf5 Rxe5 40. Bxc8 Rxg5 41. Bxb7 $18) ({II} 38...
Rc7 $5 39. Rg8 (39. Bd3 a6) 39... Rxe5 40. Rxf8+ Bxf8 $16 {war relativ am
besten.}) 39. Rg7 Kc6 (39... Ke8 40. Re1 Bb4 41. Bg6 Rc7 42. Rg8 d4 43. Rxf8+
Bxf8 44. Bf5 Bd5 45. Bxe6 Bxe6 46. h4 $18) 40. Bf5 $4 ({Mit seinem letzten Zug
vor der Zeitkontrolle greift Nybäck noch einmal daneben und macht sich das
Leben schwer. Dem Finnen war einfach nicht bewußt, daß nach Rxf7 die
Entgegnung Qh8 bzw. Qg8 immer an Rc7+ scheitert. Nun in der Partie kommt es
nur ungefähr auf das Gleiche hinaus, da Weiß am Ende einen Läufer weniger hat .
..  Korrekt war} 40. Rxf7 Qxf7 (40... Rxe5 41. Rxf8 Rxf8 42. Bf5 b5 43. Rc1 Kb6
44. f7 $18) 41. Qxf7 Rxe5 42. Bd3 (42. Bf5 Rd8) 42... Rce8 43. g4 $18 {mit
leichtem Gewinn.}) 40... Rxe5 41. Rxf7 Qh8 42. Rc7+ $1 (42. Bxc8 $2 Qxc8 $15)
42... Rxc7 43. Qxh8 Rxf5 44. Qe8+ Kd6 45. Qg6 $1 Rf2 ({Keine Rettung verspricht
} 45... Bc8 {wegen} 46. f7+ Be6 47. Qxf5 (47. Re1 $2 Re7 48. Qxf5 Bxf5 49. f8=Q
Be4) 47... Rxf7 (47... Bxf7 $2 48. Re1) (47... Bxf5 $2 48. f8=Q+ Ke6 49. Qg8+)
48. Qg5 a5 49. h4 $16 {/+-}) 46. f7+ Kd7 47. Re1 $2 ({Herrliche, studienhafte
Wendungen kristallisieren sich nach} 47. Qg4+ $1 {heraus:} Kc6 (47... Ke7 $2
48. Re1+ Kxf7 49. Qe6+ Kf8 (49... Kg7 50. Qe5+ {ergibt Zugumstellung}) 50. Qe8+
Kg7 51. Qe5+ Kf8 52. Qxc7 Rf7 53. Qd8+ Kg7 54. h4 $18) 48. Qe6+ Kb5 49. Rb1+
Kc4 50. Qg4+ d4 (50... Bd4 $2 51. Rb4+ Kc5 (51... Kxb4 52. Qxd4+ Kb3 53. Qxf2
Rc1+ 54. Qg1 Rxg1+ 55. Kxg1 $18) 52. Qxd4+ Kd6 53. Qxf2 Rc1+ 54. Qg1 Rxg1+ 55.
Kxg1 Ke7 56. Rf4 Kf8 57. g4 {usw. +-}) 51. Qe6+ Bd5 (51... Kd3 $2 52. Qb3+ Ke4
53. Re1+ Kf4 54. Qg3+ $18) 52. Rc1+ {Analyse} Kb5 $8 {!?} (52... Kb3 $2 53.
Qxd5+ Kb2 54. Qe4 $3 Rcxf7 (54... d3 55. Qe1 $3 Rc2 (55... d2 56. Rb1+ Kc2 57.
Qe4+ Kc3 58. Qd5 $1 Bf8 59. Qe5+ Kc2 60. Qe4+ Kc3 61. Qe3+ Kc4 (61... Kc2 62.
Qb3#) 62. Qxf2) 56. Rb1+) 55. Qb1+ Ka3 56. Qd3+ Ka2 57. h4 $18 Re7 58. h5 Ree2
59. Qd1 Ka3 (59... Rxg2 60. Ra1+ Kb2 61. Rb1+ Kc3 62. Qb3+ Kd2 63. Rd1#) 60.
Rb1 Rb2 61. h6) (52... Kb4 $2 53. Qxd5 Kb5 (53... Ka5 54. Qc4 b5 55. Ra1+ Kb6
56. Qe6+ Rc6 57. Ra6+ Kxa6 58. Qxc6+ Ka5 59. Kg1 $18 Rf5 60. g4 d3+ 61. Qxc5
Rxc5 62. f8=Q) 54. Rb1+ Ka6 55. Ra1+ Kb5 56. Qb3+ Kc6 57. Qe6+ Kb7 (57... Kb5
58. Qe8+ Kc4 (58... Rc6 59. Rb1+ Bb4 60. Rxb4+ Kxb4 61. Qe1+ Kb3 62. Qxf2 Rc1+
63. Qg1 Rxg1+ 64. Kxg1)) 58. Qd5+ Kb8 59. Qd8+ Kb7 60. Rxa7+ Kxa7 61. Qxc7+ Ka6
62. Kg1 $18) (52... Kd3 $2 53. Qxd5 $18 Bb4 54. Qb5+ Ke4 55. Rxc7 $18) 53. Qxd5
$16 {/+-, z.B.} Rfxf7 (53... a5 54. g4 Rcxf7 55. h4 $1) (53... Rcxf7 54. Rb1+
Ka6 55. h4 R2f5 56. Ra1+ Kb5 57. Qb3+ Kc6 58. Qe6+ Kb7 59. g4) 54. Rb1+ Ka6 55.
g4 $1 (55. h4 Rfd7) 55... Rfd7 56. Qf3 d3 (56... Rf7 57. Ra1+ Kb5 58. Qb3+ Kc6
59. g5) 57. Rd1 b5 58. Rxd3 Rf7 59. Qd1 {. Für das Spiel am Brett wäre dies
freilich viel zu viel verlangt.}) 47... Rc8 $1 $11 48. Qg4+ Kc7 49. Qg3+ Kd7
50. Qg4+ Kc7 51. Qg3+ Kd7 ({Nybäck hoffte noch auf} 51... Kc6 52. Rc1 {, was
Schwarz noch etwas Kopfschmerzen bereitet hätte, aber dazu sollte es nicht
kommen.}) 52. Qg4+ 1/2-1/2

[Event "San Marino op 2nd"]
[Site "San Marino"]
[Date "2006.06.06"]
[Round "2"]
[White "Malakhatko, Vadim"]
[Black "Payen, Arnaud"]
[Result "1/2-1/2"]
[WhiteElo "2559"]
[BlackElo "2408"]
[Annotator "Payen,A"]
[PlyCount "109"]
[EventDate "2006.06.06"]
[EventType "swiss"]
[EventRounds "9"]
[EventCountry "SMR"]
[SourceTitle "EXT 2017"]
[Source "ChessBase"]
[SourceDate "2016.10.25"]
[SourceVersion "1"]
[SourceVersionDate "2016.10.25"]
[SourceQuality "1"]

1. d4 d5 2. c4 e6 3. Nf3 Nf6 4. Nc3 Be7 5. Bg5 h6 6. Bh4 O-O 7. e3 b6 8. Bd3 (
8. Rc1 Bb7 9. Bxf6 Bxf6 10. cxd5 exd5 11. b4 c6 12. Bd3 (12. Be2 Be7 13. Qb3
Qd6 14. Rb1 Nd7 15. O-O a5 16. bxa5 Rxa5 17. a4 Bd8 {[%csl Gf7,Gf8][%cal Rb7a6,
Re3e4,Re2c4,Rc4f7]}) 12... Qd6 13. Qb3 Be7 14. Rb1 Nd7 15. O-O f5 16. Rfd1 Kh8
17. Bf1 Rad8 18. a4 g5 19. b5 c5 20. dxc5 Nxc5 21. Qa2 Bf6 22. Ne2 Ne4 23. Nfd4
Be5 24. Nf3 Bg7 25. Nfd4 f4 26. exf4 gxf4 {[%cal Re4g5,Rf4f3] Hansen-Short 2003
}) (8. Be2 Bb7 9. Bxf6 Bxf6 10. cxd5 exd5 11. b4 c6 12. O-O a5 13. b5 c5 14.
Ne5 Bxe5 15. dxe5 d4 16. exd4 cxd4 17. Na4 Qg5 18. Bf3 (18. Bg4 Qxe5 19. Nxb6
Ra7 20. Rb1 Qd6 $1 21. Na4 Be4 22. Rb2 d3 $11) 18... Bxf3 19. Qxf3 Nd7 $1 (
19... Ra7 $2 20. Qe4 $16 {[%cal Rf2f4] Eljanov-Tondivar 2004}) 20. Qd5 Rad8 21.
f4 (21. Qxd4 Nxe5 22. Qxb6 Nf3+ 23. Kh1 Qf4 24. gxf3 Qxf3+ 25. Kg1 Qg4+ 26. Kh1
Qf3+) 21... Qg4 22. Qxd4 Nc5 23. Qc4 Rd2 24. Rf2 Rd1+ 25. Rf1 Rd2 $11) 8...
dxc4 9. Bxc4 Bb7 10. O-O Ne4 {Ce plan ne donne que l'égalisation au maximum} (
10... Nbd7 $1 11. Qe2 a6 $1 12. Rfd1 (12. a4 Ra7 $5 {[%csl Re4][%cal Rd8a8,
Ra8e4] AP} 13. Rfd1 (13. Rfe1 c5 {[%cal Ra7d7,Rd8a8]}) 13... Qa8 {[%csl Rb4,
Re4][%cal Re7b4,Ra8e4]}) 12... b5 13. Bd3 (13. Bb3 c5 14. dxc5 Qc7) 13... Nd5
14. Bxe7 Qxe7 15. Nxd5 Bxd5 16. e4 Bb7 17. a4 b4 18. a5 c5 $11 {
Nikolic-Georgiev,K}) 11. Bg3 Bd6 12. Nxe4 Bxe4 13. Qe2 Nd7 14. Rac1 Qe7 (14...
Bxg3 15. hxg3 c5 16. Rfd1 Qe7 17. dxc5 Nxc5 18. b4 Nd7 19. Ba6 $14 {Hebden,M 
(2556)-Payen,A (2415) Cappelle op 15th 1999 (6) 0-1}) 15. Bb5 Rfc8 16. Ba6 Rcb8
17. Bxd6 Qxd6 18. Rfd1 Bb7 19. Bxb7 Rxb7 20. Rc3 c6 21. a3 Rc7 22. h3 Rac8 23.
Qc2 a5 24. e4 b5 25. Qe2 b4 26. axb4 Qxb4 27. Qc2 Qb6 28. e5 Rb7 29. b3 Rbc7
30. h4 Qb4 31. Rc4 Qb7 32. Qc3 Nb6 33. Rc5 a4 34. Qc2 Nd7 35. Rc3 a3 36. Ra1
Ra8 37. Rc4 Qb5 38. Nd2 Nb6 39. Rc5 Qb4 40. Nf3 Rb8 (40... Nd5 41. Rxc6 Rac8
42. Rxc7 Rxc7 $17) 41. Qc1 Nd5 42. Rxa3 Nf4 43. Qa1 $1 $138 Ne2+ $2 44. Kf1 Nf4
(44... Nxd4 45. Rc4 $1) 45. Rc4 Qb5 46. Qc1 $4 Nd3 47. Qc3 Nb2 $1 48. Ra5 Qxb3
49. Qxb3 Rxb3 50. Rc2 Nd3 51. Kg1 Rb1+ 52. Kh2 Ne1 53. Nxe1 Rxe1 54. g3 h5 55.
Rac5 1/2-1/2

[Event "Vandoeuvre op 11th"]
[Site "Vandoeuvre"]
[Date "2014.12.28"]
[Round "5"]
[White "Vovk, Yuri"]
[Black "Fedorchuk, Sergey A"]
[Result "0-1"]
[WhiteElo "2592"]
[BlackElo "2669"]
[Annotator "RR"]
[PlyCount "39"]
[EventDate "2014.12.26"]
[EventType "swiss"]
[EventRounds "9"]
[EventCountry "FRA"]
[SourceTitle "EXT 2017"]
[Source "ChessBase"]
[SourceDate "2016.10.25"]
[SourceVersion "1"]
[SourceVersionDate "2016.10.25"]
[SourceQuality "1"]

1. d4 {01h30} Nf6 2. c4 e6 3. Nf3 b6 4. Nc3 Bb7 5. Bg5 h6 6. Bh4 Be7 (6... Bb4
{La grande ligne mais KARPOV préférait jouer le plus solide Be7}) 7. e3 O-O (
7... Ne4 8. Nxe4 Bxe4 9. Bg3 $14) 8. Be2 (8. Bd3) 8... d5 {Doit transposer
d'une défense Ouest-Indienne en gambit-dame.} (8... c5 9. O-O cxd4 10. exd4 d5
$132 {Brown,A (2295)-Ikeda,J (2362) ACT-ch Tuggeranong 2013 (4) 0-1}) 9. Bxf6
$1 Bxf6 10. cxd5 exd5 11. b4 {[%csl Gc5]} c6 12. Rc1 (12. O-O Qd6 (12... a5)
13. Qb3 Nd7 14. Rfd1 a5 (14... Rfe8) 15. b5 (15. bxa5 Rxa5 16. a4 Re8 $11 {
Van Wely,L (2651)-Lputian,S (2634) ARM-ROW m Moscow 2004 (6) 1/2}) 15... c5 16.
dxc5 Nxc5 17. Qa3 Rac8 (17... Ne4 18. Qxd6 Nxd6 19. Nd4 $14 {Volkov,S (2640)
-Rychagov,A (2571) RUS-chT Sochi 2007 (6) 1-0})) 12... Re8 13. O-O Qd6 14. Qb3
Nd7 15. Rfd1 a5 16. b5 c5 17. dxc5 Nxc5 18. Qa3 Rac8 $146 (18... Red8 19. Nd4
Rac8 20. Bg4 Rc7 21. Nce2 {Kalod,R (2490)-Novkovic,M (2413) AUT-chT 0708 2007 
(5.5) 1/2}) 19. Nd4 $14 Be5 $1 20. g3 {suite illisible et gain Noir au 54ème
coup} 0-1